| 000 | 01379nam a2200217 a 4500 | ||
|---|---|---|---|
| 001 | 81018 | ||
| 003 | BD-RjUL | ||
| 005 | 20221226154907.0 | ||
| 008 | 160725s1907 ne 000 0 ara d | ||
| 035 | _a(OCoLC)745181863 | ||
| 040 |
_aHAI _beng _cBD-RjUL |
||
| 041 | 0 | _aara | |
| 082 |
_223 _a297 _bBAK 1912 |
||
| 100 | 0 |
_a baqwda, bihayaa bin yusuf ban, باقودا, بحيى بن يوسف بن _d1050؟-1120؟ _96438 |
|
| 245 | 1 | 0 |
_aكتاب الهداية الى فرائض القلوب = Al- Hidaja ILa Fara'id Al- Qulub _cتأليف بحيي بن يوسف بن باقودا الاندلسي ؛ اعتنى بطبعه وزاد عليه مقدمات وتمهيدات ومباحث متن الكتاب ومصادره وترجمته العبرانية ومسائل تاريخية ولغوية ابراهيم t talif bihayi bin yusif bin baquda alandilsii ; aetanaa bitabeih wazad ealayh muqadimat watamhidat wamabahith matn alkitaab wamasadirih watarjamatuh aleibraniat wamasayil tarikhiat walughawiat abrahim salim bin banamin yahudan سالم بن بنامين يهودا |
| 246 | 3 | 3 | _aالهداية الى فرائض القلوب |
| 260 |
_aليدن : _bالمطبعة البريلية، _c١٩٠٧-١٩١٢ |
||
| 300 |
_a٩، ٤٠٧، ١١٣، ١٧ ص. : _bلوحات ؛ _c٢٣ س. |
||
| 700 | 1 |
_aيهودا، ا. س. _96439 |
|
| 942 |
_2ddc _cBK |
||
| 999 |
_c81018 _d81018 |
||